000 01174nam a2200325 i 4500
003 CO-BoRNBP
005 20250310145541.0
007 ta
008 231128s2023 ck a|||jr|||| 00| f|spa d
020 _a9786289541342
040 _aCO-BoRNBP
_bspa
_erda
_cCO-BoRNBP
041 0 _aspa
043 _as-ck---
084 _aNG GOM23
100 1 _aGómez Carvajal, Natalia
_eautora
_959349
245 1 0 _aVolteretas
_buna historia sobre el Bogotazo
_cNatalia Gómez Carvajal ; ilustrado por Santiago Guevara
250 _aEdición especial
264 1 _aBogotá, Colombia
_bEl salmón editores
_c2023
300 _a136 páginas
_bilustraciones a color
_c27 cm
336 _atexto
_btxt
_2rdacontent
337 _asin mediación
_bn
_2rdamedia
338 _avolumen
_bnc
_2rdacarrier
521 _aRecomendado para un público mayor de 12 años
534 _t
650 1 7 _aNovela gráfica colombiana
_ySiglo XX
_2ARMARC
_91676
650 1 7 _aLiteratura juvenil colombiana
_ySiglo XX
_2ARMARC
_91585
650 1 7 _aInsurrección del 9 de abril de 1948
_xHistoria
_zColombia
_2ARMARC
_959350
700 1 _aGuevara, Santiago
_eilustrador
_959351
942 _2loc
_cBKLIT
999 _c57057
_d57057